| 000 | 00498pab a2200181 454500 | ||
|---|---|---|---|
| 008 | 180718b2010 xxu||||| |||| 00| 0 eng d | ||
| 100 | _aDe. Prabir | ||
| 245 | _aSelf-help group in West Bengal: Towards participation, governance and human rights | ||
| 260 | _c2010 | ||
| 300 | _ap.35-42. | ||
| 362 | _aJan-Jun | ||
| 650 | _aHuman rights - India - West Bengal | ||
| 650 | _aSelf help - India - West Bengal | ||
| 650 | _aSelf help | ||
| 773 | _aAsian Studies | ||
| 908 | _aN | ||
| 909 | _a91676 | ||
| 999 |
_c91676 _d91676 |
||